00582 2200157 4500245004400000020002200044250001100066100001800077005001900095260001800114041001400132084001200146300002100158500022700179336001800406 aPanduan Lagu WajibcKarina MelodihText a978-602-17535-8-3 aCet. 1 aKarina Melodi a20230929083108 bInfra Pustaka aIndonesia a782.265 a128 hlm. :c15cm aBuku ini hadir untuk mengabadikan karya seni yang memiliki nilai sejarah dengan lirik-lirik yang penuh makna serta sekaligus sebagai sumber referensi kepada semua orang untuk mengenal dan memahami lagu-lagu wajib yang ada. anotated music